Normal view
MARC view
- المؤتمر الدولي العلمي المحكم خلال الفترة 12 -2016/12/13 عمان -الاردن
Entry Personal Name
001 - CONTROL NUMBER
- control field: 56732
003 - CONTROL NUMBER IDENTIFIER
- control field: JO-AjAnu
005 - DATE AND TIME OF LATEST TRANSACTION
- control field: 20230606083309.0
008 - FIXED-LENGTH DATA ELEMENTS
- fixed length control field: 230606|| aca||aabn | a|a d
040 ## - CATALOGING SOURCE
- Original cataloging agency: JO-AjAnu
- Transcribing agency: JO-AjAnu
100 ## - HEADING--PERSONAL NAME
- Personal name: المؤتمر الدولي العلمي المحكم خلال الفترة 12 -2016/12/13 عمان -الاردن
670 ## - SOURCE DATA FOUND
- Source citation: Work cat.: (JO-AjAnu)28950: المؤتمر الدولي العلمي المحكم خلال الفترة 12 -2016/12/13 عمان -الاردن, author, النظرة المستقبلية لمنشآت الاعمال في ضوء التطورات التكنولوجية